000 00355nam a2200145Ia 4500
008 230917s9999||||xx |||||||||||||| ||und||
040 _e40816
_aMAIN
041 _aEnglish
082 _a823.08 O4F
100 _aOakes, Philip, ed
245 4 _aThe film addicts archive
260 _aLondon
_bElm Tree Book
_c1977
300 _axii, 212 p.
942 _cBK
999 _c223996
_d223996